000 00602nam a2200193Ii 4500
003 JO-AjNU
008 230605s9999||||xx |||||||||||||| ||und||
040 _aJO-AjNU
_bara
_erda
_cJO-AjNU
041 _aara
050 1 4 _aPJ7862 H3
100 3 _a أحمد شوقي، 1868 - 1932,
_eauthor
_959384
245 0 0 _aالشوقيات : المراثي، مج2 ج3-4
264 3 1 _aد.م: د.ن، د .ت
300 _aمج2: ج3-4: 200ص
336 _atext
_btxt
_2rdacontent
337 _aunmediated
_bn
_2rdamedia
338 _avolume
_bnc
_2rdacarrier
650 4 _aالشعر العربي- مصر
_959385
999 _aA26720
_c30288
_d30288